000 00299nam a22001337a 4500
008 170214b xxu||||| |||| 00| 0 eng d
020 _a9780323009096
041 _aeng
080 _24ED
_a61
100 _a4
101 _aSHM
245 _aCLINICAL ASSESSMENT RESPIRATORY
_cKRIDER
942 _2udc
_cBK
999 _c5439
_d5439